• 首页
  • 本馆介绍
  • 公告通知
  • 最新文献
  • 馆藏检索
  • 电子资源
  • 读者导购
  • 参考咨询
  • 我的图书馆
  • 登录
  • 详细信息显示
  • 放入我的书架
  • 预约/预借图书
  • 作者相关作品
  • 分类相关作品
  • 丛书相关作品
  • 出版社相关作品

书目信息

  • 表格格式
  • 工作单格式
  • 卡片格式
题名:
模拟电子技术
    
 
作者: 黎一强 , 刘冬香 主编
分册:  
出版信息: 北京   中国人民大学出版社  2014
页数: 241页
开本: 26cm
丛书名:
单 册:
中图分类: TN710.4
科图分类:
主题词: 模拟电路--教材--高等职业教育--电子技术 , 模拟电路 , 电子技术
电子资源:
ISBN: 978-7-300-18465-4
000 01015nam0 2200289 450
001 48
005 20160905103617.18
005 20140716130115
010    @a978-7-300-18465-4@dCNY29.80
100    @a20140228d2014 em y0chiy50 ea
101 0  @achi
102    @aCN@b110000
105    @aa z 000yy
200 1  @a模拟电子技术@9mo ni dian zi ji shu@f黎一强,刘冬香主编
210    @a北京@c中国人民大学出版社@d2014
215    @a241页@c图@d26cm
300    @a普通高等教育“十二五”高职高专规划教材·专业课(理工科)系列
304    @a中国高等教育学会组织编写
330    @a本书共分为8章,包括常用半导体器件、基本放大电路、集成运算放大器、反馈放大电路、功率放大电路、信号产生电路、直流稳压电源和电子电路综合应用实训等内容。
606 0  @a模拟电路@j教材@x高等职业教育@x电子技术
606 0  @a模拟电路
606 0  @a电子技术
690    @aTN710.4@v5
701  0 @a黎一强@9li yi qiang@4主编
701  0 @a刘冬香@9liu dong xiang@c(女)@4主编
801  0 @aCN@b唐山师范学院图书馆@c20160901
905    @aZUCC@dTN710.4@e273
    
    模拟电子技术/黎一强,刘冬香主编.-北京:中国人民大学出版社,2014
    241页:图;26cm
    普通高等教育“十二五”高职高专规划教材·专业课(理工科)系列
    
    ISBN 978-7-300-18465-4:CNY29.80
    本书共分为8章,包括常用半导体器件、基本放大电路、集成运算放大器、反馈放大电路、功率放大电路、信号产生电路、直流稳压电源和电子电路综合应用实训等内容。
●
相关链接 在E读中查询图书 在五车中查询图书 在当当中查询图书 在豆瓣中查询图书


正题名:模拟电子技术     索取号:TN710.4/273         预约/预借

序号 登录号 条形码 馆藏地/架位号 状态 备注
1 900192   209001925   第二样本阅览室/ [索取号:TN710.4/273] 在馆    
2 900193   209001934   第三借阅区/ [索取号:TN710.4/273] 在馆    
3 900194   209001943   第三借阅区/ [索取号:TN710.4/273] 在馆    
4 900195   209001952   第三借阅区/ [索取号:TN710.4/273] 在馆    
5 900196   209001961   第三借阅区/ [索取号:TN710.4/273] 在馆    
唐山师范学院图书馆 欢迎您!
大连网信软件有限公司© 版权所有